| 000 -LEADER |
| fixed length control field |
01063cam a22002894a 4500 |
| 020 ## - INTERNATIONAL STANDARD BOOK NUMBER |
| ISBN |
0072351004 |
| 020 ## - INTERNATIONAL STANDARD BOOK NUMBER |
| ISBN |
9780072351002 |
| 020 ## - INTERNATIONAL STANDARD BOOK NUMBER |
| ISBN |
0071123067 |
| 020 ## - INTERNATIONAL STANDARD BOOK NUMBER |
| ISBN |
9780071123068 |
| 020 ## - INTERNATIONAL STANDARD BOOK NUMBER |
| ISBN |
0071232079 |
| 020 ## - INTERNATIONAL STANDARD BOOK NUMBER |
| ISBN |
9780071232074 |
| 040 ## - CATALOGING SOURCE |
| Transcribing agency |
DLC |
| 082 00 - DEWEY DECIMAL CLASSIFICATION NUMBER |
| Classification number |
658 MCG 2003 A056 Or. |
| 100 ## - MAIN ENTRY--AUTHOR NAME |
| Personal name |
Bowersox, Donald J. |
| 245 10 - TITLE STATEMENT |
| Title |
Supply chain logistics management / |
| 300 ## - PHYSICAL DESCRIPTION |
| Number of Pages |
xxii, 656 pages : |
| Other physical details |
illustrations ; |
| Dimensions |
27 cm |
| 490 1# - SERIES STATEMENT |
| Series statement |
McGraw-Hill/Irwin series operations and decision sciences |
| 650 #0 - SUBJECT ADDED ENTRY--TOPICAL TERM |
| Topical Term |
Business logistics. |
| 650 #4 - SUBJECT ADDED ENTRY--TOPICAL TERM |
| Topical Term |
Log©Ưstica en los negocios |
| 700 1# - ADDED ENTRY--PERSONAL NAME |
| Personal name |
Closs, David J. |
| 700 1# - ADDED ENTRY--PERSONAL NAME |
| Personal name |
Cooper, M. Bixby. |
| 856 41 - ELECTRONIC LOCATION AND ACCESS |
| Uniform Resource Identifier |
http://catdir.loc.gov/catdir/toc/mh021/2001054667.html |
| 856 41 - ELECTRONIC LOCATION AND ACCESS |
| Uniform Resource Identifier |
http://digitool.hbz-nrw.de:1801/webclient/DeliveryManager?application=DIGITOOL-3&owner=resourcediscovery&custom_att_2=simple_viewer&user=GUEST&pid=1565596 |
| 856 42 - ELECTRONIC LOCATION AND ACCESS |
| Uniform Resource Identifier |
http://catdir.loc.gov/catdir/description/mh021/2001054667.html |
| 856 48 - ELECTRONIC LOCATION AND ACCESS |
| Uniform Resource Identifier |
http://library1.nida.ac.th/mm_data/thumbnail/127779.jpg |
| 942 ## - ADDED ENTRY ELEMENTS (KOHA) |
| Koha item type |
សៀវភៅភាសាអង់គ្លេស |
| 952 ## - LOCATION AND ITEM INFORMATION (KOHA) |
| Withdrawn status [LOCAL, KOHA] |
0 |